Tilastot visalle Vaihdetuimmat valuutat

Klikkaa tästä pelataksesi tätä visaa!

Yleistilastot

  • Tätä visaa on pelattu 355 kertaa
  • Keskiarvotulos 20 / 34

Vastaustilastot

Vastaus% Oikein
Euro
98%
Euroalue
98%
Dollari
96%
Yhdysvallat
87%
Jeni
81%
Japani
80%
Kanada
77%
Punta
77%
Rupla
76%
Australia
75%
Kiina
72%
Meksiko
71%
Yhdistynyt kuningaskunta
71%
Venäjä
70%
Brasilia
65%
Intia
65%
Kruunu
62%
Peso
61%
Ruotsi
55%
Norja
53%
Uusi-Seelanti
49%
Turkki
47%
Etelä-Korea
46%
Liira
46%
Rupia
40%
Etelä-Afrikka
39%
Frangi
39%
Sveitsi
37%
Juan
33%
Real
31%
Singapore
30%
Won
30%
Hongkong
16%
Randi
14%

Tulosjakauma

Persentiili vastausten määrän mukaan

Jokaisen tuloksen saaneiden osuus

Tuloshistoriasi

Et ole pelannut tätä visaa